000 00656nam a2200241Ia 4500
003 OSt
005 20220926013548.0
006 a|||||r|||| 00| 0
007 ta
008 220923b |||||||| |||| 00| 0 eng d
037 _cGeneral Book
040 _aRTL
_cRTL
_beng
041 _2eng
_aeng
082 _aU25, M9
100 _aGroves Don
_9318568
245 0 _aOceans
_b A book of questions and answers
260 _aNew York
_bJohn Wiely U S A
_c1989
300 _axv,203p
_ccm.
500 _aBib p. 183-88 Glossary p. 163-79
650 _aOceanography
942 _hU25, M9
_cGB
_2CC
999 _c626250
_d626250